000
00484nam a2200133Ia 4500
008
100328s9999 xx 000 0 und d
082
_b
74274
100
_a
सेवेकर सुधीर.
245
_a
रतन टाटा (कॉर्पोरेट आयडल)
260
_b
साकेत.
630
_a
रतन टाटा (कॉर्पोरेट आयडल)
730
_a
रतन टाटा (कॉर्पोरेट आयडल)
942
_c
BOOK
999
_c
559995
_d
559992